Berjuang menuntut merdeka (Record no. 123311)

MARC details
000 -LEADER
fixed length control field 00874nam a2200277 i 4500
001 - CONTROL NUMBER
control field C2-0323162
003 - CONTROL NUMBER IDENTIFIER
control field PPAK
005 - DATE AND TIME OF LATEST TRANSACTION
control field 20180728121842.0
008 - FIXED-LENGTH DATA ELEMENTS--GENERAL INFORMATION
fixed length control field 131009s2012 my a|||| ||||| | may d
020 ## - INTERNATIONAL STANDARD BOOK NUMBER
International Standard Book Number 9789670223049
040 ## - CATALOGING SOURCE
Original cataloging agency PPAK
Language of cataloging eng
Transcribing agency PPAK
Description conventions rda
082 04 - DEWEY DECIMAL CLASSIFICATION NUMBER
Classification number 959.5
Edition number 23
090 00 - LOCALLY ASSIGNED LC-TYPE CALL NUMBER (OCLC); LOCAL CALL NUMBER (RLIN)
Classification number (OCLC) (R) ; Classification number, CALL (RLIN) (NR) 959.5
Feature heading BER
Feature heading K
245 00 - TITLE STATEMENT
Title Berjuang menuntut merdeka
264 #1 - PRODUCTION, PUBLICATION, DISTRIBUTION, MANUFACTURE, AND COPYRIGHT NOTICE
Place of production, publication, distribution, manufacture Klang, Selangor :
Name of producer, publisher, distributor, manufacturer Pustaka Fitri ,
Date of production, publication, distribution, manufacture, or copyright notice 2012
300 ## - PHYSICAL DESCRIPTION
Extent 44 pages :
Other physical details colour illustrations ;
Dimensions 26 cm
336 ## - CONTENT TYPE
Source rdacontent
Content type term text
337 ## - MEDIA TYPE
Source rdamedia
Media type term unmediated
338 ## - CARRIER TYPE
Source rdacarrier
Carrier type term volume
490 1# - SERIES STATEMENT
Series statement Bacaan asas sejarah negaraku
500 ## - GENERAL NOTE
General note Mengandungi latihan
650 10 - SUBJECT ADDED ENTRY--TOPICAL TERM
Topical term or geographic name entry element Malaysia - History - Juvenile literature. ; Independence Day (Malaysia) - Juvenile literature.
700 0# - ADDED ENTRY--PERSONAL NAME
Personal name Fitri Azrin Ghazali,
Relator term compile
830 #0 - SERIES ADDED ENTRY--UNIFORM TITLE
Uniform title Bacaan asas sejarah negaraku
942 ## - ADDED ENTRY ELEMENTS (KOHA)
-- dc
Koha item type Book
Holdings
Withdrawn Not for loan Current library Shelving location Date acquired Total Checkouts Full call number Barcode Date last seen Date last checked out Koha item type
    Perpustakaan Alor Setar Pinjaman Kanak-kanak 10/10/2013 1 K 959.5 BER A01423405 14/10/2023 23/09/2023 Book
    Perpustakaan Alor Setar Pinjaman Kanak-kanak 10/10/2013 1 K 959.5 BER A01423406 20/08/2018 04/08/2018 Book
    Perpustakaan Awam Sungai Petani Pinjaman Kanak-kanak 10/10/2013 2 K 959.5 BER A01423407 20/05/2023 06/05/2023 Book
    Perpustakaan Baling Pinjaman Kanak-kanak 10/10/2013 1 K 959.5 BER A01423410 25/09/2019 15/09/2019 Book
    Perpustakaan Bandar Baharu Pinjaman Kanak-kanak 10/10/2013   K 959.5 BER A01423412 09/05/2018   Book
    Perpustakaan Jitra Pinjaman Kanak-kanak 10/10/2013   K 959.5 BER A01423408 09/05/2018   Book
    Perpustakaan Kulim Pinjaman Kanak-kanak 10/10/2013   K 959.5 BER A01423409 09/05/2018   Book
    Perpustakaan Langkawi Pinjaman Kanak-kanak 10/10/2013   K 959.5 BER A01423411 09/05/2018   Book
    Perpustakaan Merbok Pinjaman Kanak-kanak 10/10/2013   K 959.5 BER A01423414 09/05/2018   Book
    Perpustakaan Sik Pinjaman Kanak-kanak 10/10/2013   K 959.5 BER A01423413 09/05/2018   Book